000 00420nam a2200133Ia 4500
008 100328s9999 xx 000 0 und d
082 _b60227
100 _aडबीर सदानंद
245 _aतिने दिलेले फुल.
260 _bगं्रथाली.
630 _aतिने दिलेले फुल.
730 _aतिने दिलेले फुल.
942 _cBOOK
999 _c546389
_d546386